00833nam a2200217Ia 4500003000900000008004100009020001800050040001600068080001600084245011600100260004200216300001300258490003100271650005100302650004100353650005100394700002700445942000700472999001500479952012100494IN-BaIIA211028s9999 xx 000 0 eng d a0-12-226690-0 cIIA Library a031:52bMEY 0aEncyclopedia of astronomy and astrophysicscedited by R. A. Meyers  aSan DiegobEducational Suppliesc1989 axi, 807p aAstronomy and Astrophysics aAstronomy and Astrophysics Encyclopedia916074 aAstronomy and Astrophysics Thesaurus aEncyclopedia-Astronomy and Astrophysics916075 aMeyers, R A. ed916076 cBK c9539d9539 00104070aBANbBANcGENd0000-00-00g794.20l0o031:52/ MEYp10449r2021-11-05v794.20w0000-00-00yBKGRs. 794.20